000 00673nam a2200241Ia 4500
003 OSt
005 20221005082342.0
006 a|||||r|||| 00| 0
007 ta
008 221004b |||||||| |||| 00| 0 eng d
024 _a71832
037 _cTextual
040 _aCRL
_cCRL
_beng
041 _2eng
_aeng
082 _aY15:3(KZ31:1).2, M6
100 _aChen Marty etc.
_9611833
245 0 _aIndian women
_b A study of their role in the dairy movement.
260 _aNew Delhi
_bShakti India
_c1986
300 _a153p.
_ccm.
650 _aSOCIOLOGY
942 _hY15:3(KZ31:1).2, M6
_cTEXL
_2cc
999 _c989198
_d989198